Normal view
MARC view
- Leitzel, Jim
Entry Personal Name
001 - CONTROL NUMBER
- control field: 40370
003 - CONTROL NUMBER IDENTIFIER
- control field: OSt
005 - DATE AND TIME OF LATEST TRANSACTION
- control field: 20160721103955.0
008 - FIXED-LENGTH DATA ELEMENTS
- fixed length control field: 160721|| aca||aabn | a|a d
040 ## - CATALOGING SOURCE
- Original cataloging agency: OSt
100 1# - HEADING--PERSONAL NAME
- Personal name: Leitzel, Jim
400 ## - SEE FROM TRACING--PERSONAL NAME
- Personal name: Leitzel, James Allen